000 00252nam a2200121Ia 4500
100 _a#N/A
650 _aComputer/ IT
942 _cBK
654 _avehicular
245 _aVehicular Technology Society 1952 - 2004
260 _b#N/A
546 _aENGLISH
999 _c26553
_d26553